000
00330nam a22001457a 4500
999
_c
162602
_d
162602
082
_a
_b
100
_a
Rathnam Chetty
245
_a
Sarvodaya and freedom a gandhian appraisal/
_c
by Rathnam Chetty.
260
_a
New Delhi:
_b
Discovery,
_c
1991.
300
_a
227p.
600
_a
650
_a
700
_a
942
_c
BK